Basic electrical engineering (Record no. 7166)

000 -LEADER
fixed length control field 00658nam a2200217 4500
001 - CONTROL NUMBER
control field 7166
003 - CONTROL NUMBER IDENTIFIER
control field BD-DhUET
008 - FIXED-LENGTH DATA ELEMENTS--GENERAL INFORMATION
fixed length control field 740521s1975 nyua 001 0 eng
020 ## - INTERNATIONAL STANDARD BOOK NUMBER
International Standard Book Number 0070211523
040 ## - CATALOGING SOURCE
Original cataloging agency DLC
Transcribing agency DLC
Modifying agency BD-DhUET
082 00 - DEWEY DECIMAL CLASSIFICATION NUMBER
Classification number 623
Item number FIT/1975
100 1# - MAIN ENTRY--PERSONAL NAME
Personal name Fitzgerald, A. E.
245 10 - TITLE STATEMENT
Title Basic electrical engineering
Remainder of title circuits,electronics,machines,control
Statement of responsibility, etc. by A. E. Fitzgerald, David E. Higginbotham and Arvin Grabel
250 ## - EDITION STATEMENT
Edition statement 4th ed.
260 ## - PUBLICATION, DISTRIBUTION, ETC. (IMPRINT)
Place of publication, distribution, etc. New York
Name of publisher, distributor, etc. McGraw-Hill
Date of publication, distribution, etc. 1975
300 ## - PHYSICAL DESCRIPTION
Extent xiv, 817 p.
Other physical details illus.
Dimensions 24 cm.
650 #0 - SUBJECT ADDED ENTRY--TOPICAL TERM
Topical term or geographic name as entry element Electricity : Engineering
700 ## - ADDED ENTRY--PERSONAL NAME
Personal name Higginbotham, David E.
700 ## - ADDED ENTRY--PERSONAL NAME
Personal name Grabel, Arvin
942 ## - ADDED ENTRY ELEMENTS (KOHA)
Koha item type General Book
Holdings
Piece designation (barcode) Not for loan Lost status Sublocation or collection (holding branch) Damaged status Location (home branch) Copy number Koha normalized classification for sorting Koha item type Koha full call number Koha issues (times borrowed) Date acquired Koha date last seen Shelving location Withdrawn status Price effective from Source of classification or shelving scheme Koha date last borrowed
65364  Central Library, BUET Central Library, BUET1623PIT1975General Book623/PIT/197512014-12-072018-08-04Circulation section 2014-12-07 2018-07-21
43309  Central Library, BUET Central Library, BUET2623_000000000000000_PIT_1975General Book623/PIT/1975 2015-03-122015-03-12Circulation section 2015-03-12  
43314  Central Library, BUET Central Library, BUET3623_000000000000000_PIT_1975General Book623/PIT/1975 2015-03-122015-03-12Circulation section 2015-03-12  
43676  Central Library, BUET Central Library, BUET4623_000000000000000_PIT_1975General Book623/PIT/1975 2015-03-122015-03-12Circulation section 2015-03-12  
42843  Central Library, BUET Central Library, BUET5623_000000000000000_PIT_1975General Book623/PIT/1975 2015-03-122015-03-12Circulation section 2015-03-12  
43308  Central Library, BUET Central Library, BUET6623_000000000000000_FIT_1975General Book623/FIT/1975 2015-04-162015-04-16Circulation section 2015-04-16  
43316  Central Library, BUET Central Library, BUET7623_000000000000000_FIT_1975General Book623/FIT/1975 2015-04-182015-04-18Circulation section 2015-04-18  
43310  Central Library, BUET Central Library, BUET8623_000000000000000_FIT_1975General Book623/FIT/1975 2015-04-212015-04-21Circulation section 2015-04-21  
43677  Central Library, BUET Central Library, BUET9623_000000000000000_FIT_1975General Book623/FIT/1975 2015-04-212015-04-21Circulation section 2015-04-21  
43313  Central Library, BUET Central Library, BUET10623_000000000000000_FIT_1975General Book623/FIT/1975 2015-04-212015-04-21Circulation section 2015-04-21  
43307  Central Library, BUET Central Library, BUET11623_000000000000000_FIT_1975General Book623/FIT/1975 2015-04-212015-04-21Circulation section 2015-04-21  
51101  Central Library, BUET Central Library, BUET12623_000000000000000_FIT_1975General Book623/FIT/1975 2015-04-212015-04-21Circulation section 2015-04-21  
42841  Central Library, BUET Central Library, BUET13623_000000000000000_FIT_1975Reading Item623/FIT/1975 2015-06-282015-06-28Reading section 2015-06-28  
42840  Central Library, BUET Central Library, BUET14623_000000000000000_FIT_1975Reading Item623/FIT/1975 2015-06-282015-06-28Reading section 2015-06-28  
43679  Central Library, BUET Central Library, BUET15623_000000000000000_FIT_1975Reading Item623/FIT/1975 2015-06-282015-06-28Reading section 2015-06-28